000 00408pab a2200157 454500
008 180718b2012 xxu||||| |||| 00| 0 eng d
100 _aChoudhari, Nidhi
245 _aGlobal crisis, recession and uneven recovery (Review article)
260 _c2012
300 _ap.168-172.
362 _aApr-Jun
650 _aEconomic recession
773 _aIndian Economic Journal
908 _aN
909 _a101453
999 _c101451
_d101451